| 000 | 00799nam a2200289Ia 4500 | ||
|---|---|---|---|
| 008 | 181129s9999 xx 000 0 und d | ||
| 020 | _a9781507204665 | ||
| 050 | _a332 | ||
| 050 | _bC117 2017 | ||
| 100 | _aCagan, Michele | ||
| 245 | 4 | _aThe infographic guide to personal finance / | |
| 245 | 0 | _cby Michele Cagan and Elisabeth Lariviere. | |
| 260 | _aNew York, NY : | ||
| 260 | _bAdams Media, | ||
| 260 | _c2017 | ||
| 300 | _a127 pages : | ||
| 300 | _bcolor illustrations ; | ||
| 300 | _c23cm. | ||
| 440 | _aVisual reference for everything you need to know. | ||
| 650 | _aBudgets, Personal. | ||
| 650 | _aFinance, Personal -- | ||
| 650 | _aFinancial literacy. | ||
| 650 | _xLife skills guides. | ||
| 700 | _aLariviere, Elisabeth. | ||
| 700 | _aSeries. | ||
| 700 | _aTitle. | ||
| 999 |
_c360169 _d360169 |
||